Úspěšný tým není jen věcí dobrého výběru členů
Tímový koučing v Česku. Rozvoj tímu vodcov. Vodcovstvo - schpnosť vodcovstva. Systém tímového koučingu. Meranie efektívnosti tímového koučingu.
Guardado en:
| Autor principal: | |
|---|---|
| Formato: | Capítulo de libro |
| Lenguaje: | checo |
| Materias: | |
| Etiquetas: |
Sin Etiquetas, Sea el primero en etiquetar este registro!
|
MARC
| LEADER | 00000naa$a2200000$$$4500 | ||
|---|---|---|---|
| 001 | 0089881 | ||
| 005 | 20231113131321.4 | ||
| 041 | 0 | |a cze | |
| 044 | |a CZ | ||
| 245 | 1 | 0 | |a Úspěšný tým není jen věcí dobrého výběru členů |c Magdalena Vokáčová |
| 520 | |a Tímový koučing v Česku. Rozvoj tímu vodcov. Vodcovstvo - schpnosť vodcovstva. Systém tímového koučingu. Meranie efektívnosti tímového koučingu. | ||
| 610 | 2 | 0 | |a koučovanie |
| 610 | 2 | 0 | |a vodcovstvo |
| 610 | 2 | 0 | |a efektívnosť |
| 100 | 1 | |a Vokáčová, Magdalena | |